Still no answer: third party damage and the legal black hole (Record no. 66274)
[ view plain ]
| 000 -LEADER | |
|---|---|
| fixed length control field | 01139cam a2200241 4500 |
| 001 - CONTROL NUMBER | |
| control field | ABS63530 |
| 008 - FIXED-LENGTH DATA ELEMENTS--GENERAL INFORMATION | |
| fixed length control field | 000000n2001 000 0 eng u |
| 035 ## - SYSTEM CONTROL NUMBER | |
| System control number | (Sirsi) u111230 |
| 100 ## - MAIN ENTRY--PERSONAL NAME | |
| Personal name | Wallace, I. |
| 245 ## - TITLE STATEMENT | |
| Title | Still no answer: third party damage and the legal black hole |
| 260 ## - PUBLICATION, DISTRIBUTION, ETC. | |
| Date of publication, distribution, etc. | 2001 |
| 490 ## - SERIES STATEMENT | |
| Series statement | Construction Law Reports |
| Volume/sequential designation | 18(1) January 2001, 113-121(9) |
| 520 ## - SUMMARY, ETC. | |
| Summary, etc. | Argues that the decision of the HL in "Alfred McAlpine Construction Ltd v Panatown Ltd" (2000) does not help resolve the significant issues of contract and third party damage raised by that case. Considers the central issue of the Alfred McAlpine case, which was the proper measure of damage where a party in breach of a contract fails to supply promised goods and services to the recipient who's willing to pay for them. |
| 590 ## - LOCAL NOTE (RLIN) | |
| Local note | ABS |
| 650 ## - SUBJECT ADDED ENTRY--TOPICAL TERM | |
| Topical term or geographic name entry element | ALFRED MCALPINE CONSTRUCTION LTD V PANATOWN LTD |
| 650 ## - SUBJECT ADDED ENTRY--TOPICAL TERM | |
| Topical term or geographic name entry element | THIRD PARTY |
| 650 ## - SUBJECT ADDED ENTRY--TOPICAL TERM | |
| Topical term or geographic name entry element | BREACH OF CONTRACT |
| 650 ## - SUBJECT ADDED ENTRY--TOPICAL TERM | |
| Topical term or geographic name entry element | BUILT ENVIRONMENT-BUILDING CONTRACT FORMS |
| 650 ## - SUBJECT ADDED ENTRY--TOPICAL TERM | |
| Topical term or geographic name entry element | MEASURE OF DAMAGES |
| 650 ## - SUBJECT ADDED ENTRY--TOPICAL TERM | |
| Topical term or geographic name entry element | CASE LAW |
| 690 ## - LOCAL SUBJECT ADDED ENTRY--TOPICAL TERM (OCLC, RLIN) | |
| Topical term or geographic name as entry element | BUILT ENVIRONMENT-BUILDING CONTRACT FORMS |
| 942 ## - ADDED ENTRY ELEMENTS (KOHA) | |
| Suppress in OPAC | 0 |
| Withdrawn status | Lost status | Source of classification or shelving scheme | Damaged status | Not for loan | Home library | Current library | Shelving location | Date acquired | Total Checkouts | Full call number | Barcode | Date last seen | Copy number | Price effective from | Koha item type |
|---|---|---|---|---|---|---|---|---|---|---|---|---|---|---|---|
| Dewey Decimal Classification | London | London | Journal article | 01/03/2001 | ABS63530 | 111230-1001 | 06/08/2019 | 1 | 06/08/2019 | Journal article |